LEADER 01771nam 2200481 450 001 9910480107103321 005 20210209193348.0 010 $a1-942496-12-5 035 $a(CKB)4340000000226046 035 $a(MiAaPQ)EBC5785366 035 $a(MiAaPQ)EBC4410884 035 $a(Au-PeEL)EBL4410884 035 $a(CaONFJC)MIL932294 035 $a(OCoLC)1024268667 035 $a(EXLCZ)994340000000226046 100 $a20190628d2015 uy 0 101 0 $aeng 135 $aurcnu|||||||| 181 $ctxt$2rdacontent 182 $cc$2rdamedia 183 $acr$2rdacarrier 200 10$aImplementing project-based learning /$fby Suzie Boss 205 $a1st ed. 210 1$aBloomington, Indiana :$cSolution Tree Press,$d[2015] 210 4$dİ2015 215 $a1 online resource (viii, 67 pages) 225 1 $aSolutions for digital learner-centered classrooms 311 $a1-942496-11-7 320 $aIncludes bibliographical references (pages 63-67). 327 $aIntro -- Acknowledgments -- Table of Contents -- About the Authors -- Introduction -- Chapter 1: The Shift to the Common Core -- Chapter 2: The Shift in Implementation -- Chapter 3: The Shift in Instruction -- Chapter 4: The Shift in Coaching and Feedback -- Chapter 5: The Shift in Assessing Results -- References and Resources -- Index. 410 0$aSolutions for digital learner-centered classrooms. 606 $aProject method in teaching 608 $aElectronic books. 615 0$aProject method in teaching. 676 $a371.36 700 $aBoss$b Suzie$0930169 801 0$bMiAaPQ 801 1$bMiAaPQ 801 2$bMiAaPQ 906 $aBOOK 912 $a9910480107103321 996 $aImplementing project-based learning$92453267 997 $aUNINA LEADER 01623oam 2200457z- 450 001 996540364203316 005 20180516112811.0 010 $a3-95650-682-0 024 3 $a9783899137385 035 $a(CKB)4100000010557306 035 $a(EXLCZ)994100000010557306 100 $a20201013c2010uuuu -u- - 101 0 $aeng 200 00$aContacts and controversies between Muslims, Jews and Christians in the Ottoman empire and pre-modern Iran /$fedited by Camilla Adang, Sabine Schmidtke 210 $cErgon ? ein Verlag in der Nomos Verlagsgesellschaft 215 $a421 p. $cill. ;$d25 cm 225 0$aIstanbuler Texte und Studien,$x1863-9461 ;$vBd. 21 311 $a3-89913-738-8 320 $aIncludes bibliographical references and index. 606 $aIslam$xRelations$xChristianity 606 $aChristianity$xRelations$xIslam 606 $aIslam$xRelations$xJudaism 606 $aJudaism$xRelations$xIslam 606 $aJews$zIran$xHistory 607 $aTurkey$xHistory$yOttoman Empire, 1288-1918 607 $aTurkey$xReligion 615 0$aIslam$xRelations$xChristianity. 615 0$aChristianity$xRelations$xIslam. 615 0$aIslam$xRelations$xJudaism. 615 0$aJudaism$xRelations$xIslam. 615 0$aJews$xHistory. 676 $a201/.509 701 $aAdang$b Camilla$0696648 701 $aSchmidtke$b Sabine$01095763 801 0$bDLC 801 1$bDLC 801 2$bDLC 906 $aBOOK 912 $a996540364203316 996 $aContacts and controversies between Muslims, Jews and Christians in the Ottoman empire and pre-modern Iran$93401800 997 $aUNISA